| 000 | 00436nam a2200193Ia 4500 | ||
|---|---|---|---|
| 008 | 170918s9999 xx 000 0 und d | ||
| 020 | _a9780439204637 | ||
| 050 | _bB293 1982 | ||
| 100 | _aBarton, Byron | ||
| 245 | _aAirport / | ||
| 245 | _cByron Barton. | ||
| 260 | _aNew York : | ||
| 260 | _bScholastic, | ||
| 260 | _c1982 | ||
| 300 | _a32 pages : | ||
| 300 | _bcolored illustration ; | ||
| 300 | _c20cm. | ||
| 500 | _a400 | ||
| 999 |
_c341351 _d341351 |
||